[Event "Minsk op"]
[Site "Minsk"]
[Date "2013.07.15"]
[Round "3"]
[White "Libov, Gennady"]
[Black "Basso, Pier Luigi"]
[Result "1-0"]
[WhiteElo "2212"]
[BlackElo "2239"]
[PlyCount "77"]
[EventDate "2013.07.13"]
[EventType "swiss"]
[EventRounds "9"]
[EventCountry "BLR"]
[SourceTitle "CBM 155 Extra"]
[Source "ChessBase"]
[SourceDate "2013.08.26"]
[SourceVersion "1"]
[SourceVersionDate "2013.08.26"]
[SourceQuality "1"]

1. g3 d5 2. Bg2 Nf6 3. c4 c6 4. Nf3 dxc4 5. 0-0 Nbd7 6. Qc2 Nb6 7. a4 a5 8. Na3 Be6 9. Ng5 Bg4 10. Nxc4 Bxe2 11. Ne5 Bh5 12. Qb3 e6 13. g4 Nxg4 14. Ngxf7 Bxf7 15. Nxg4 Bd6 16. d4 Qc7 17. Re1 0-0 18. Be4 Kh8 19. Bg5 Bg8 20. Rad1 Rf5 21. Bh4 Rh5 22. Bg3 Bxg3 23. hxg3 e5 24. Qf3 exd4 25. Nf6 Rh6 26. Nxg8 Kxg8 27. Rxd4 Rf8 28. Qb3+ Qf7 29. Qxf7+ Kxf7 30. b4 axb4 31. Rxb4 c5 32. Rb5 Nxa4 33. Rxb7+ Kg8 34. Bc2 Nc3 35. Ree7 g6 36. Re3 Nd5 37. Bb3 Rh5 38. Rd7 Kh8 39. Bxd5 1-0

[Event "Kefar Sava schev"]
[Site "Kefar Sava"]
[Date "2010.06.30"]
[Round "9"]
[White "Steinberg, Nitzan"]
[Black "Libov, Gennady"]
[Result "1/2-1/2"]
[WhiteElo "2221"]
[BlackElo "2198"]
[PlyCount "31"]
[EventDate "2010.06.20"]
[EventType "schev"]
[EventRounds "10"]
[EventCountry "ISR"]
[SourceTitle "CBM 137 Extra"]
[Source "ChessBase"]
[SourceDate "2010.09.01"]
[SourceVersion "1"]
[SourceVersionDate "2010.09.01"]
[SourceQuality "1"]

1. e4 e5 2. Nf3 d6 3. d4 exd4 4. Nxd4 Nf6 5. Nc3 Be7 6. g3 d5 7. e5 Ng4 8. f4 c5 9. Nde2 d4 10. Ne4 f5 11. exf6 Nxf6 12. Bg2 Nc6 13. 0-0 Bf5 14. Qd3 Qd7 15. Nxf6+ gxf6 16. Be4 1/2-1/2

[Event "Kefar Sava schev"]
[Site "Kefar Sava"]
[Date "2010.06.27"]
[Round "6"]
[White "Libov, Gennady"]
[Black "Efroimski, Marsel"]
[Result "1/2-1/2"]
[WhiteElo "2198"]
[BlackElo "2170"]
[PlyCount "89"]
[EventDate "2010.06.20"]
[EventType "schev"]
[EventRounds "10"]
[EventCountry "ISR"]
[SourceTitle "CBM 137 Extra"]
[Source "ChessBase"]
[SourceDate "2010.09.01"]
[SourceVersion "1"]
[SourceVersionDate "2010.09.01"]
[SourceQuality "1"]

1. g3 g6 2. Bg2 Bg7 3. e4 c5 4. Nc3 Nc6 5. d3 Nf6 6. f4 d6 7. Nf3 0-0 8. 0-0 Rb8 9. h3 b5 10. a3 a5 11. Be3 b4 12. axb4 axb4 13. Ne2 Qc7 14. b3 Nd7 15. Rc1 Na7 16. f5 Nb5 17. Qd2 Re8 18. Bh6 Bb2 19. Rb1 Bh8 20. Nf4 Ra8 21. fxg6 hxg6 22. Nxg6 fxg6 23. Qg5 Kh7 24. Nh4 Ne5 25. Rf7+ Kg8 26. Nxg6 Kxf7 27. Nxe5+ dxe5 28. Qh5+ Ke6 29. Qxe8 Nc3 30. Rf1 Bb7 31. Qf7+ Kd7 32. Bf3 Qd6 33. Bg4+ Kc6 34. Bg5 Bc8 35. Bxc8 Rxc8 36. Bxe7 Qh6 37. Kg2 Qd2+ 38. Rf2 Qe1 39. Qe6+ Kb7 40. Bd6 Rc6 41. Rf7+ Ka6 42. Qd7 Kb5 43. Qb7+ Rb6 44. Qd7+ Rc6 45. Qb7+ 1/2-1/2

[Event "Kefar Sava schev"]
[Site "Kefar Sava"]
[Date "2010.06.24"]
[Round "5"]
[White "Wee, Chun Jie Eugene"]
[Black "Libov, Gennady"]
[Result "1/2-1/2"]
[WhiteElo "2024"]
[BlackElo "2198"]
[PlyCount "45"]
[EventDate "2010.06.20"]
[EventType "schev"]
[EventRounds "10"]
[EventCountry "ISR"]
[SourceTitle "CBM 137 Extra"]
[Source "ChessBase"]
[SourceDate "2010.09.01"]
[SourceVersion "1"]
[SourceVersionDate "2010.09.01"]
[SourceQuality "1"]

1. e4 e6 2. d4 d5 3. e5 c5 4. c3 Nc6 5. Nf3 Bd7 6. Be2 f6 7. 0-0 Qb6 8. dxc5 Bxc5 9. exf6 Nxf6 10. b4 Bd6 11. Re1 0-0 12. Bf1 Ng4 13. Qe2 Rae8 14. h3 Nge5 15. Nxe5 Nxe5 16. Be3 Qc7 17. a4 a6 18. Qh5 Rf5 19. Qh4 Ng6 20. Qd4 Be5 21. Qc5 Qxc5 22. Bxc5 Rf7 23. Ra3 1/2-1/2

[Event "Rodatychi op"]
[Site "Rodatychi"]
[Date "2006.08.30"]
[Round "6"]
[White "Ajrapetjan, Yuriy"]
[Black "Libov, Gennady"]
[Result "1-0"]
[WhiteElo "2406"]
[BlackElo "2232"]
[PlyCount "73"]
[EventDate "2006.08.27"]
[EventType "swiss"]
[EventRounds "9"]
[EventCountry "UKR"]
[SourceTitle "EXT 2008"]
[Source "ChessBase"]
[SourceDate "2007.11.25"]
[SourceVersion "1"]
[SourceVersionDate "2007.11.25"]
[SourceQuality "1"]

1. d4 e6 2. c4 c5 3. d5 exd5 4. cxd5 d6 5. Nc3 g6 6. e4 a6 7. a4 Bg7 8. Bd3 Ne7 9. h4 0-0 10. h5 Nd7 11. Nf3 Ne5 12. Nxe5 Bxe5 13. Bh6 Re8 14. Kf1 Kh8 15. Bg5 Qd7 16. f4 Bd4 17. Rb1 f6 18. hxg6 Nxg6 19. e5 fxg5 20. Bxg6 Re7 21. e6 Qd8 22. Ne4 Qf8 23. f5 Kg8 24. Rxh7 Rxh7 25. Bxh7+ Kxh7 26. Qh5+ Kg8 27. Qxg5+ Qg7 28. Qd8+ Kh7 29. Ng5+ Kh6 30. Nf7+ Kh7 31. Qh4+ Kg8 32. g4 Bd7 33. Nh6+ Kh7 34. g5 Rf8 35. g6+ Kh8 36. Nf7+ Kg8 37. exd7 1-0

[Event "Rodatychi op"]
[Site "Rodatychi"]
[Date "2006.08.29"]
[Round "5"]
[White "Libov, Gennady"]
[Black "Podolsky, Anton"]
[Result "1-0"]
[WhiteElo "2232"]
[BlackElo "1992"]
[PlyCount "55"]
[EventDate "2006.08.27"]
[EventType "swiss"]
[EventRounds "9"]
[EventCountry "UKR"]
[SourceTitle "EXT 2008"]
[Source "ChessBase"]
[SourceDate "2007.11.25"]
[SourceVersion "1"]
[SourceVersionDate "2007.11.25"]
[SourceQuality "1"]

1. g3 d5 2. Nf3 g6 3. c4 dxc4 4. Na3 Be6 5. Qc2 Bg7 6. Nxc4 c6 7. Bg2 Bxc4 8. Qxc4 e5 9. h4 Ne7 10. h5 0-0 11. hxg6 hxg6 12. Qh4 f6 13. d3 Na6 14. Qc4+ Rf7 15. Bh6 Qd5 16. Bxg7 Kxg7 17. Qh4 Qa5+ 18. Kf1 Kf8 19. Qh8+ Ng8 20. Rh6 Rg7 21. Nh4 Kf7 22. Rh7 Rxh7 23. Qxh7+ Ke6 24. Bh3+ Kd6 25. Qd7+ Kc5 26. Qxb7 Rd8 27. Rc1+ Kd6 28. Rxc6+ 1-0

[Event "Rodatychi op"]
[Site "Rodatychi"]
[Date "2006.08.29"]
[Round "4"]
[White "Vovk, Yuri"]
[Black "Libov, Gennady"]
[Result "1-0"]
[WhiteElo "2441"]
[BlackElo "2232"]
[PlyCount "59"]
[EventDate "2006.08.27"]
[EventType "swiss"]
[EventRounds "9"]
[EventCountry "UKR"]
[SourceTitle "EXT 2008"]
[Source "ChessBase"]
[SourceDate "2007.11.25"]
[SourceVersion "1"]
[SourceVersionDate "2007.11.25"]
[SourceQuality "1"]

1. e4 d5 2. exd5 Nf6 3. d4 Nxd5 4. c4 Nb6 5. Nf3 g6 6. Nc3 Bg7 7. h3 0-0 8. Be3 c5 9. d5 Na6 10. Qb3 e5 11. g4 Qe8 12. Rg1 Kh8 13. g5 Bf5 14. Nd2 Qd7 15. Nde4 Nc8 16. 0-0-0 Bxe4 17. Nxe4 Nd6 18. Nxc5 Nxc5 19. Bxc5 Rfc8 20. Be3 b6 21. Kb1 Nf5 22. Be2 Nd4 23. Qd3 a6 24. Bg4 e4 25. Qf1 Nf5 26. Bxf5 gxf5 27. d6 Qe6 28. Bxb6 Rxc4 29. d7 Rb4 30. d8Q+ 1-0

[Event "Rodatychi op"]
[Site "Rodatychi"]
[Date "2006.08.28"]
[Round "2"]
[White "Vovk, Andrey"]
[Black "Libov, Gennady"]
[Result "1-0"]
[WhiteElo "2388"]
[BlackElo "2232"]
[PlyCount "53"]
[EventDate "2006.08.27"]
[EventType "swiss"]
[EventRounds "9"]
[EventCountry "UKR"]
[SourceTitle "EXT 2008"]
[Source "ChessBase"]
[SourceDate "2007.11.25"]
[SourceVersion "1"]
[SourceVersionDate "2007.11.25"]
[SourceQuality "1"]

1. e4 d6 2. d4 Nf6 3. Nc3 Nbd7 4. Nf3 e5 5. Bc4 Be7 6. Ng5 0-0 7. Bxf7+ Rxf7 8. Ne6 Qe8 9. Nxc7 Qd8 10. Nxa8 b5 11. dxe5 Nxe5 12. Nd5 Bg4 13. Nxf6+ Bxf6 14. Qd5 Bh4 15. Be3 Qf6 16. 0-0 Be2 17. Nc7 Bc4 18. Qa8+ Rf8 19. Qxa7 Nf3+ 20. Kh1 Bxf1 21. Rxf1 Qe5 22. gxf3 Qh5 23. Rc1 Qxf3+ 24. Kg1 Qg4+ 25. Kf1 Qxe4 26. Qd4 Qh1+ 27. Ke2 1-0

[Event "Krakow op-A"]
[Site "Krakow "]
[Date "2003.12.28"]
[Round "2"]
[White "Libov, Gennady"]
[Black "Kovalev, Andrei"]
[Result "0-1"]
[WhiteElo "2321"]
[BlackElo "2572"]
[PlyCount "66"]
[EventDate "2003.12.27"]
[EventType "swiss"]
[EventRounds "9"]
[EventCountry "POL"]
[SourceTitle "EXT 2006"]
[Source "ChessBase"]
[SourceDate "2005.11.24"]
[SourceVersion "1"]
[SourceVersionDate "2005.11.24"]
[SourceQuality "1"]

1. g3 e5 2. c4 Nf6 3. Bg2 d5 4. cxd5 Nxd5 5. Nf3 Nc6 6. 0-0 Nb6 7. b3 g6 8. Nc3 Bg7 9. Ba3 a5 10. Rc1 Nb4 11. d4 exd4 12. Nb5 c6 13. Nbxd4 Nxa2 14. Qd2 Nb4 15. Bxb4 axb4 16. Qxb4 Nd5 17. Qc4 0-0 18. e4 Nb6 19. Qb4 Re8 20. Rfe1 Nd7 21. Qc4 Qe7 22. h3 Ra5 23. b4 Ra4 24. Rb1 Bf8 25. Nc2 Nb6 26. Qe2 Nd5 27. Qc4 Nxb4 28. Ncd4 Bd7 29. e5 b5 30. Qe2 Ra2 31. Qf1 Qc5 32. Rec1 Qb6 33. Nb3 Nd3 0-1

[Event "Polanica Zdroj op"]
[Site "Polanica Zdroj"]
[Date "2001.08.24"]
[Round "9"]
[White "Libov, Gennady"]
[Black "Chojnacki, Krzysztof"]
[Result "1/2-1/2"]
[WhiteElo "2329"]
[BlackElo "2228"]
[PlyCount "40"]
[EventDate "2001.08.16"]
[EventType "swiss"]
[EventRounds "10"]
[EventCountry "POL"]
[SourceTitle "EXT 2002"]
[Source "ChessBase"]
[SourceDate "2001.11.25"]
[SourceVersion "1"]
[SourceVersionDate "2001.11.25"]
[SourceQuality "1"]

1. g3 Nf6 2. Bg2 d5 3. c4 c6 4. Nf3 Bf5 5. cxd5 cxd5 6. Qb3 Qc8 7. Nc3 e6 8. d3 Nc6 9. Bf4 Be7 10. Rc1 0-0 11. 0-0 Qd7 12. e4 dxe4 13. dxe4 Nxe4 14. Rfd1 Qc8 15. Nxe4 Bxe4 16. Ne5 Bxg2 17. Kxg2 Rd8 18. Rxd8+ Bxd8 19. Qf3 Bf6 20. Nxc6 bxc6 1/2-1/2

[Event "Polanica Zdroj op"]
[Site "Polanica Zdroj"]
[Date "2001.08.20"]
[Round "5"]
[White "Libov, Gennady"]
[Black "Gralka, Julian"]
[Result "1/2-1/2"]
[WhiteElo "2329"]
[BlackElo "2215"]
[PlyCount "40"]
[EventDate "2001.08.16"]
[EventType "swiss"]
[EventRounds "10"]
[EventCountry "POL"]
[SourceTitle "EXT 2002"]
[Source "ChessBase"]
[SourceDate "2001.11.25"]
[SourceVersion "1"]
[SourceVersionDate "2001.11.25"]
[SourceQuality "1"]

1. g3 Nf6 2. Bg2 g6 3. e4 d6 4. d4 Bg7 5. Ne2 0-0 6. 0-0 c5 7. c3 cxd4 8. cxd4 Nc6 9. h3 e5 10. Be3 d5 11. dxe5 Nxe4 12. f4 Be6 13. Nd2 Nxd2 14. Qxd2 f6 15. Nd4 Nxd4 16. Bxd4 fxe5 17. fxe5 Qd7 18. g4 b6 19. Be3 Rad8 20. Bd4 Rc8 1/2-1/2

[Event "Swidnica op-A"]
[Site "Swidnica"]
[Date "2000.??.??"]
[Round "7"]
[White "Cmilyte, Viktorija"]
[Black "Libov, Gennady"]
[Result "1/2-1/2"]
[WhiteElo "2325"]
[BlackElo "2300"]
[PlyCount "53"]
[EventDate "2000.07.??"]
[EventType "swiss"]
[EventRounds "10"]
[EventCountry "POL"]
[SourceTitle "EXT 2003"]
[Source "ChessBase"]
[SourceDate "2002.11.25"]
[SourceVersion "1"]
[SourceVersionDate "2002.11.25"]
[SourceQuality "1"]

1. d4 d5 2. c4 c6 3. Nf3 Nf6 4. Nc3 dxc4 5. a4 Bf5 6. e3 e6 7. Bxc4 Bb4 8. 0-0 0-0 9. Qe2 Nbd7 10. e4 Bg6 11. Bd3 Bh5 12. e5 Nd5 13. Nxd5 cxd5 14. Qe3 h6 15. Ne1 Bxe1 16. Rxe1 Bg6 17. Be2 Nb8 18. Bd2 Nc6 19. a5 a6 20. Ra3 b6 21. Rea1 bxa5 22. Bxa5 Nxa5 23. Rxa5 Qb6 24. Qd2 Rab8 25. R5a2 Rfc8 26. Rxa6 Qxb2 27. R6a2 1/2-1/2

[Event "Swidnica op-A"]
[Site "Swidnica"]
[Date "2000.??.??"]
[Round "1"]
[White "Dydyshko, Viacheslav"]
[Black "Libov, Gennady"]
[Result "1-0"]
[WhiteElo "2520"]
[BlackElo "2300"]
[PlyCount "89"]
[EventDate "2000.07.??"]
[EventType "swiss"]
[EventRounds "10"]
[EventCountry "POL"]
[SourceTitle "EXT 2003"]
[Source "ChessBase"]
[SourceDate "2002.11.25"]
[SourceVersion "1"]
[SourceVersionDate "2002.11.25"]
[SourceQuality "1"]

1. d4 d6 2. Nf3 g6 3. c4 f5 4. g3 Bg7 5. d5 Nf6 6. Bg2 0-0 7. 0-0 Nbd7 8. Nd4 Ne5 9. Nd2 Nh5 10. N2f3 h6 11. Qc2 Nxf3+ 12. Nxf3 Qe8 13. Bd2 c5 14. Bc3 f4 15. e3 fxe3 16. fxe3 g5 17. e4 Qg6 18. Bxg7 Qxg7 19. e5 Bf5 20. Qe2 Rae8 21. Nd2 g4 22. Rae1 Qg6 23. Be4 Ng7 24. Qd3 dxe5 25. Bxf5 Rxf5 26. Rxf5 Qxf5 27. Qxf5 Nxf5 28. Rxe5 Nd6 29. Re6 Kg7 30. Kg2 b6 31. b3 h5 32. h3 Kh7 33. hxg4 hxg4 34. Ne4 Nxe4 35. Rxe4 Kg6 36. Rxg4+ Kf5 37. Kf3 Rh8 38. Re4 Rg8 39. Rh4 Kf6 40. g4 Rf8 41. Ke4 Re8 42. Rh6+ Kg7 43. Rc6 Ra8 44. Ke5 Kf7 45. Rc7 1-0

[Event "Swidnica op-A"]
[Site "Swidnica"]
[Date "2000.??.??"]
[Round "10"]
[White "Libov, Gennady"]
[Black "Grabinsky, Vladimir"]
[Result "1-0"]
[WhiteElo "2300"]
[BlackElo "2270"]
[PlyCount "79"]
[EventDate "2000.07.??"]
[EventType "swiss"]
[EventRounds "10"]
[EventCountry "POL"]
[SourceTitle "EXT 2003"]
[Source "ChessBase"]
[SourceDate "2002.11.25"]
[SourceVersion "1"]
[SourceVersionDate "2002.11.25"]
[SourceQuality "1"]

1. d4 Nf6 2. g3 e6 3. Bg2 d5 4. Nf3 Be7 5. 0-0 0-0 6. Nbd2 Nbd7 7. c4 c6 8. Qc2 b6 9. e4 Bb7 10. e5 Ne8 11. cxd5 cxd5 12. Nb1 Rc8 13. Qd1 a5 14. Re1 Ba6 15. Nc3 Nb8 16. h4 h6 17. h5 b5 18. Be3 Nc7 19. g4 Na8 20. Bf1 b4 21. Na4 Bxf1 22. Rxf1 Nd7 23. Qe2 Nab6 24. Nxb6 Nxb6 25. Rfc1 Nc4 26. b3 Nxe3 27. Qxe3 Qd7 28. Kg2 Rxc1 29. Rxc1 Rc8 30. Ne1 Bg5 31. f4 Be7 32. Qd2 Rc6 33. Rxc6 Qxc6 34. Qc2 Qb6 35. Nf3 Qb5 36. Kf2 a4 37. bxa4 Qa6 38. g5 hxg5 39. Nxg5 Bxg5 40. fxg5 1-0

[Event "Swidnica op-A"]
[Site "Swidnica"]
[Date "2000.??.??"]
[Round "9"]
[White "Malaniuk, Vladimir P"]
[Black "Libov, Gennady"]
[Result "1-0"]
[WhiteElo "2570"]
[BlackElo "2300"]
[PlyCount "86"]
[EventDate "2000.07.??"]
[EventType "swiss"]
[EventRounds "10"]
[EventCountry "POL"]
[SourceTitle "EXT 2003"]
[Source "ChessBase"]
[SourceDate "2002.11.25"]
[SourceVersion "1"]
[SourceVersionDate "2002.11.25"]
[SourceQuality "1"]

1. d4 d5 2. c4 c6 3. e3 Nf6 4. Nc3 e6 5. Nf3 Nbd7 6. b3 Bb4 7. Bd2 0-0 8. Bd3 Qe7 9. 0-0 e5 10. dxe5 Nxe5 11. Nxe5 Qxe5 12. Nxd5 Nxd5 13. cxd5 Bxd2 14. Qxd2 Qxd5 15. Qc2 h6 16. f4 Kh8 17. Kh1 Bd7 18. e4 Qa5 19. Rae1 f6 20. Re3 Be6 21. e5 fxe5 22. Rxe5 Bd5 23. Qe2 Qc3 24. Bb1 Rad8 25. Re7 Bg8 26. Rxb7 Rd2 27. Qe4 Rf2 28. Rg1 R2xf4 29. Qd3 Qe5 30. Rxa7 Rd4 31. Qg3 Rdf4 32. Rd7 g5 33. Qd3 R4f5 34. Qd2 Rf4 35. Qd3 R4f5 36. Qd6 Qxd6 37. Rxd6 Rf2 38. Rxh6+ Kg7 39. Rg6+ Kh8 40. Rxg5 Bd5 41. h3 Rb2 42. Kh2 Rff2 43. Rg4 Be6 1-0

[Event "Dunajska Streda op"]
[Site "Dunajska Streda"]
[Date "1999.06.15"]
[Round "5"]
[White "Lybin, Dmitry Vitalievich"]
[Black "Libov, Gennady"]
[Result "1-0"]
[WhiteElo "2405"]
[BlackElo "2270"]
[PlyCount "115"]
[EventDate "1999.06.12"]
[EventType "swiss"]
[EventRounds "9"]
[EventCountry "SVK"]
[SourceTitle "EXT 2006"]
[Source "ChessBase"]
[SourceDate "2005.11.24"]
[SourceVersion "1"]
[SourceVersionDate "2005.11.24"]
[SourceQuality "1"]

1. d4 d6 2. Nf3 f5 3. g3 Nf6 4. Bg2 g6 5. c4 Bg7 6. Nc3 0-0 7. 0-0 Nc6 8. d5 Na5 9. Nd2 c5 10. Qc2 e5 11. dxe6 Bxe6 12. Rd1 Nc6 13. Nb3 Nb4 14. Qb1 Qb6 15. Bf4 Rad8 16. Na4 Qa6 17. Rxd6 Rxd6 18. Nbxc5 Qxc4 19. Bxd6 Rd8 20. Nxb7 Rc8 21. b3 Qb5 22. Nac5 Bd5 23. Qf1 Ne4 24. a4 Qc6 25. Bxe4 fxe4 26. Rd1 Nc2 27. e3 Nb4 28. Qb5 Qxb5 29. axb5 Nd3 30. Nxd3 exd3 31. Nc5 Bf7 32. Rxd3 Be8 33. e4 Bxb5 34. Rd1 Bc3 35. f4 Bb4 36. Ne6 Be2 37. Rd5 Bg4 38. Bxb4 Bxe6 39. Ra5 Bxb3 40. Bc5 a6 41. Kf2 Bc4 42. Ke3 Bb5 43. Kd4 Rd8+ 44. Ke5 Kf7 45. f5 Rd1 46. Ra3 gxf5 47. exf5 Rd2 48. Bg1 Rd1 49. Bd4 Rd2 50. Rc3 Re2+ 51. Be3 Rxh2 52. Rc7+ Ke8 53. f6 Re2 54. Kf4 Bd7 55. f7+ Kxf7 56. Rxd7+ Kg6 57. Rd6+ Kf7 58. Rxa6 1-0